U2 Album Songs Tile Select - Statistics

General Stats
  • This quiz has been taken 30 times
  • The average score is 56 of 72
Answer Stats
Question Tile Select % Correct
songs that are found on Rattle and Hum Babyface No
93%
songs that are found on All That You Can't Leave Behind Beautiful Day Yes
93%
songs that are found on The Joshua Tree Hawkmoon 269 No
93%
songs that are found on Boy Heartland No
93%
songs that are found on Rattle and Hum In a Little While No
93%
songs that are found on Achtung Baby Into the Heart No
93%
songs that are found on War Iris (Hold Me Close) No
93%
songs that are found on The Joshua Tree Love and Peace or Else No
93%
songs that are found on Achtung Baby One Yes
93%
songs that are found on War So Cruel No
93%
songs that are found on Achtung Baby The First Time No
93%
songs that are found on Achtung Baby The Troubles No
93%
songs that are found on The Joshua Tree With or Without You Yes
93%
songs that are found on Rattle and Hum Desire Yes
89%
songs that are found on The Joshua Tree Gloria No
89%
songs that are found on All That You Can't Leave Behind In God's Country No
89%
songs that are found on Boy I Will Follow Yes
89%
songs that are found on Rattle and Hum Mofo No
89%
songs that are found on Achtung Baby One Step Closer No
89%
songs that are found on Boy One Tree Hill No
89%
songs that are found on Boy Out of Control Yes
89%
songs that are found on All That You Can't Leave Behind Raised by Wolves No
89%
songs that are found on All That You Can't Leave Behind Stand Up Comedy No
89%
songs that are found on War Unknown Caller No
89%
songs that are found on All That You Can't Leave Behind With a Shout (Jerusalem) No
89%
songs that are found on Boy 4th of July No
85%
songs that are found on How To Dismantle an Atomic Bomb Bad No
85%
songs that are found on Songs of Innocence Breathe No
85%
songs that are found on Songs of Innocence Discotheque No
85%
songs that are found on The Joshua Tree I Still Haven't Found What I'm Looking For Yes
85%
songs that are found on How To Dismantle an Atomic Bomb Lemon No
85%
songs that are found on Achtung Baby Mysterious Ways Yes
85%
songs that are found on War New Year's Day Yes
85%
songs that are found on The Joshua Tree Pride (In the Name of Love) No
85%
songs that are found on War Some Days Are Better Than Others No
85%
songs that are found on All That You Can't Leave Behind Stuck in a Moment You Can't Get Out Of Yes
85%
songs that are found on War Sunday Bloody Sunday Yes
85%
songs that are found on Rattle and Hum Ultraviolet (Light My Way) No
85%
songs that are found on The Joshua Tree Where the Streets Have No Name Yes
85%
songs that are found on Rattle and Hum Angel of Harlem Yes
81%
songs that are found on Boy Like A Song No
81%
songs that are found on Songs of Innocence Rejoice No
81%
songs that are found on How To Dismantle an Atomic Bomb Drowning Man No
78%
songs that are found on All That You Can't Leave Behind Elevation Yes
78%
songs that are found on How To Dismantle an Atomic Bomb Summer of Love No
78%
songs that are found on Achtung Baby The Fly Yes
78%
songs that are found on How To Dismantle an Atomic Bomb Vertigo Yes
78%
songs that are found on Songs of Innocence Song for Someone Yes
74%
songs that are found on Achtung Baby Acrobat Yes
70%
songs that are found on How To Dismantle an Atomic Bomb All Because of You Yes
70%
songs that are found on How To Dismantle an Atomic Bomb City of Blinding Lights Yes
70%
songs that are found on How To Dismantle an Atomic Bomb Miracle Drug Yes
70%
songs that are found on The Joshua Tree Red Hill Mining Town Yes
70%
songs that are found on War Two Hearts Beat as One Yes
70%
songs that are found on All That You Can't Leave Behind Walk On Yes
70%
songs that are found on Songs of Innocence Every Breaking Wave Yes
67%
songs that are found on Boy The Electric Co. Yes
67%
songs that are found on Rattle and Hum When Love Comes to Town Yes
67%
songs that are found on Achtung Baby Zoo Station Yes
67%
songs that are found on War 40 Yes
63%
songs that are found on Rattle and Hum All I Want is You Yes
63%
songs that are found on Boy An Cat Dubh Yes
63%
songs that are found on The Joshua Tree Bullet the Blue Sky Yes
63%
songs that are found on Songs of Innocence California (There is No End to Love) Yes
63%
songs that are found on Songs of Innocence Cedarwood Road Yes
63%
songs that are found on Songs of Innocence Love is Bigger Than Anything In Its Way No
59%
songs that are found on Songs of Innocence The Miracle (of Joey Ramone) Yes
56%
songs that are found on How To Dismantle an Atomic Bomb Original of the Species Yes
48%
songs that are found on Rattle and Hum Love Rescue Me Yes
41%
songs that are found on War Red Light Yes
37%
songs that are found on All That You Can't Leave Behind Wild Honey Yes
37%
songs that are found on Boy A Day Without Me Yes
30%
No matching quizzes found
Score Distribution
Percent of People with Each Score
Percentile by Number Answered
Your Score History
You have not taken this quiz